Statystyki dla 5 największych miast Kuwejtu

Kliknij tutaj aby rozwiązać quiz!

Ogólne statystyki

  • Ten quiz został rozwiązany 6 razy
  • Średni wynik to 3 z 5

Statystyki odpowiedzi

Liczba mieszkańcówNazwa miasta% Poprawnych
145 328As-Salimijja
100%
83 544Al-Farwanijja
60%
106 992Hawalli
60%
179 264Dżalib asz-Szujuch
40%
92 646Dżanub Czitan
40%

Rozkład punktacji

Percentyl według liczby udzielonych odpowiedzi

Procent ludzi z każdym wynikiem

Twoja historia wyników

Nie rozwiązałeś tego quizu